Top Left Wings in the NHL 2020 Postseason - Statistics

General Stats
  • This quiz has been taken 28 times
  • The average score is 12 of 16
Answer Stats
# Team Country Player % Correct
1 Capitals Russia Alex Ovechkin
100%
3 Rangers Russia Artemi Panarin
100%
2 Bruins Canada Brad Marchand
100%
4 Panthers Canada Jonathan Huberdeau
96%
6 Flames USA Johnny Gaudreau
92%
9 Avalanche Sweden Gabriel Landeskog
88%
7 Jets USA Kyle Connor
88%
10 Flames USA Matthew Tkachuk
88%
8 Penguins USA Jake Guentzel
83%
13 Predators Sweden Filip Forsberg
75%
5 Golden Knights USA Max Pacioretty
75%
15 Stars Canada Jamie Benn
71%
16 Jets Denmark Nikolaj Ehlers
63%
12 Hurricanes Finland Teuvo Teräväinen
50%
11 Coyotes Canada Taylor Hall
42%
14 Blues Canada David Perron
25%
No matching quizzes found
Score Distribution
Percent of People with Each Score
Percentile by Number Answered
Your Score History
You have not taken this quiz